Регионална библиотека "Любен Каравелов" - Русе

Грозното патенце (Запис номер 41848)

MARC детайли
000 -Лидер
Контролно поле с фиксирана дължина 01502nam a2200409 c 4500
003 - Код на организацията, давaща контролен номер
Контролно поле BLK
005 - Дата и час на последна редакция
Контролно поле 20241009005428.0
008 - Елементи от данни с фиксирана дължина
fixed length control field 180408b bul|||||r ||||||| ||bul||
010 ## - Наследен системен номер
LC control number KNG00045441000
020 ## - Международен стандартен номер на книга ISBN
Международен стандартен номер на книга ISBN 978-954-657-787-0
040 ## - Източник на каталожния запис
Идентификатор на билиотеката - собственик на записа BLK
041 ## - Код за език
Код за езика на текст/звукозапис или на отделно заглавие Български
Код за езика КДБФ Български
072 #7 - Код за тематичната категория
Код организация bullib
Код за тематична категория Н85
Текст Детска художествена литература Н
080 ## - УДК
Текстов определител УДК Датска литература
УДК код - определител по УДК 821.113.4
УДК определител -93-91
УДК - код + определител 821.113.4-93-91
139 ## - Редно поле
Редна дума Грозното патенце
Авторски знак Гро - Г 85
245 10 - Сведения за заглавието
Заглавие Грозното патенце
Редно поле (дума) по Ханс Кристиан Андерсен.
257 ## - Страна на издаване
Страна на създаване/издаване Дания
260 ## - Област на издателските данни
Име на издателя, разпространителя и проч. ПАН
Година на издаване 2011
Печатница отпеч. в Китай
300 ## - Физическа характеристика
Страници 8 с.
Илюстрации и др. с цв. ил.
Размери/Мащаб 26 см
380 ## - Жанр
Жанр Детска худож. лит.
490 1# - СЕРИИ (Колекции)
Име на серия Приказна въртележка
500 ## - Общи забележки
Забележка Кор. опис. - Без сведение за ориг. загл. - Кн. отпеч. на ламиниран картон.
653 ## - Ключова дума – ненормативна
Ключова дума приказки
653 ## - Ключова дума – ненормативна
Ключова дума книжки-картинки
653 ## - Ключова дума – ненормативна
Ключова дума адаптирани книги
653 ## - Ключова дума – ненормативна
Ключова дума литература за деца
653 ## - Ключова дума – ненормативна
Ключова дума детска литература
659 ## - Тематичен бюлетин
Тематичен бюлетин Н
700 ## - Други автори (авторска отговорност)
Лично име Андерсен, Ханс Кристиан
Дати, свързани с автора 1805 - 1875
9 (RLIN) 363318
852 ## - Местоположение
Форматна сигнатура Цб ІІ 17682
856 4# - Електронен адрес и достъп
Електронен формат pdf - файл
856 4# - Електронен адрес и достъп
Електронен формат pdf - файл
999 ## - СИСТЕМНИ КОНТРОЛНИ НОМЕРА
Koha biblionumber 41848
Koha biblioitemnumber 41848
942 ## - АРТИКУЛИ
Вид на библиотечния материал Книги
Скрит в OPAC Не
Koha issues (borrowed), all copies 1
Периодичен библиозапис Да
944 ## - СЪЗДАВАНЕ И РЕДАКЦИЯ на ЗАПИСА
Създаване/Редакция Създаване
Дата на регистрацията/редакция 05.02.2013
Статус, дата на статуса CRON CRON
Служител, извършил регистрацията/редакцията
944 ## - СЪЗДАВАНЕ И РЕДАКЦИЯ на ЗАПИСА
Създаване/Редакция Редакция
Дата на регистрацията/редакция 19.10.2016
Статус, дата на статуса ф /
Служител, извършил регистрацията/редакцията Виолета_Тройчева
999 ## - СИСТЕМНИ КОНТРОЛНИ НОМЕРА
Koha biblioitemnumber 41848
Наличности
Код за отписване Код за изгубен артикул Код за повреда Коз за рестрикции Код за отдаване Артикулен № Име на библиотеката - собственик Име на библиотеката, в която се намира в момента Статус (Текущо местоположение) Дата на вписване в системата Местоположение - отдел Цена в лева Инвентарен номер Систематично азбучна сигнатура Баркод Номер на екземпляра Цена в евро Служебна бележка Служебен тип на артикула Източник на класификационната схема
  Не е изгубен Не е повреден без рестрикции ползва се в читалня 65531 Регионална библиотека "Любен Каравелов" Русе Регионална библиотека "Любен Каравелов" Русе Хранилище 2013-02-01 Хранилище 9.90 120000763340 Цб ІІ 17682 120000763340 1 5.06 Дост: Dp Вид: Д N: 42 Дата: 17.10.2011 Книги  
  Не е изгубен Не е повреден без рестрикции заемане за дома 65532 Регионална библиотека "Любен Каравелов" Русе Регионална библиотека "Любен Каравелов" Русе Детски отдел 2014-09-12 Детски отдел 9.90 120000780810 ДХ 820/899/Г 85 120000780810 2 5.06 Дост: DA Вид: А N: 18 Дата: 12.09.2014 Дата инв: 21.08.2015 Бележки инв: Д2015 Книги Universal Decimal Classification
Vip Innovations Ltd, Rousse, Bulgaria 2025